000 00526nam a2200181Ia 4500
999 _c16906
_d16906
003 OSt
005 20201020111337.0
008 190216s9999||||xx |||||||||||||| ||und||
020 _a9788190443517
040 _cMESKC library
082 _a523.1
_bTAG/V
100 1 _aTagore, Rabindranath
_d1861-1941
_938
245 0 _aVisva Parijay /
_cRabindranath Tagore
260 _bSaksharadha Pusthak Kendr,
_c2011.
_aDelhi:
300 _a72p
650 _aHindi
942 _cBK
_2ddc
_h523.1
_iTAG/V
_k523.1
_mTAG/V